书目信息 |
| 题名: |
物流案例与实训
|
|
| 作者: | 李联卫 主编 | |
| 分册: | ||
| 出版信息: | 北京 化学工业出版社 2015.7 |
|
| 页数: | 247页 | |
| 开本: | 26cm | |
| 丛书名: | ||
| 单 册: | ||
| 中图分类: | F25 | |
| 科图分类: | ||
| 主题词: | 物流--高等职业教育--教材 | |
| 电子资源: | ||
| ISBN: | 978-7-122-20908-5 | |
| 000 | 01054nam0 2200265 450 | |
| 001 | 351769 | |
| 005 | 20161017105526.38 | |
| 010 | @a978-7-122-20908-5@dCNY35.00 | |
| 100 | @a20150817d2015 em y0chiy50 ea | |
| 101 | 0 | @achi |
| 102 | @aCN@b110000 | |
| 105 | @ay z 000yy | |
| 106 | @ar | |
| 200 | 1 | @a物流案例与实训@f李联卫主编 |
| 205 | @a2版 | |
| 210 | @a北京@c化学工业出版社@d2015.7 | |
| 215 | @a247页@d26cm@e附光盘1片 | |
| 300 | @a”十二五“职业教育国家规划教材 高职高专物流管理专业“十二五”规划教材 | |
| 307 | @a附光盘:ISBN 978-7-89472-886-9 | |
| 330 | @a本书主要内容以物流业务流程为主线,结合大量案例系统地介绍了物流管理的相关基础知识,包括现代物流认知、物流客户服务、物流系统的规划与实施、采购与供应、包装与装卸搬运、仓储管理与库存控制、运输管理、流通加工、配送与配送中心管理、物流信息系统、第三方物流和现代物流的发展趋势,并在每一个项目设计了相应的实训活动。 | |
| 606 | 0 | @a物流@x高等职业教育@j教材 |
| 690 | @aF25@v5 | |
| 701 | 0 | @a李联卫@c(职业教育)@4主编 |
| 801 | 0 | @aCN@bTANGWEI@c20161009 |
| 905 | @b0896425-9@dF25@e242=2@f5 | |
| 物流案例与实训/李联卫主编.-2版.-北京:化学工业出版社,2015.7 |
| 247页;26cm+附光盘1片 |
| ”十二五“职业教育国家规划教材 高职高专物流管理专业“十二五”规划教材 |
| ISBN 978-7-122-20908-5:CNY35.00 |
| 本书主要内容以物流业务流程为主线,结合大量案例系统地介绍了物流管理的相关基础知识,包括现代物流认知、物流客户服务、物流系统的规划与实施、采购与供应、包装与装卸搬运、仓储管理与库存控制、运输管理、流通加工、配送与配送中心管理、物流信息系统、第三方物流和现代物流的发展趋势,并在每一个项目设计了相应的实训活动。 |
| ● |
| 相关链接 |
|
|
|
|
正题名:物流案例与实训
索取号:F25/242=2
 
预约/预借
| 序号 | 登录号 | 条形码 | 馆藏地/架位号 | 状态 | 备注 |
| 1 | 0896425 | 208964254 | 第一样本阅览室/ [索取号:F25/242=2] | 在馆 | |
| 2 | 0896426 | 208964263 | 第一借阅区/ [索取号:F25/242=2] | 在馆 | |
| 3 | 0896427 | 208964272 | 第一借阅区/ [索取号:F25/242=2] | 在馆 | |
| 4 | 0896428 | 208964281 | 第一借阅区/ [索取号:F25/242=2] | 在馆 | |
| 5 | 0896429 | 208964290 | 密集书库-海洋学院/ [索取号:F25/242=2] | 在馆 |